|
|
|
|
| LEADER |
00000nas a2200000 a 4500 |
| 001 |
ssj0000913867 |
| 003 |
WaSeSS |
| 005 |
20200512172242.0 |
| 006 |
m d |
| 007 |
cr n |
| 008 |
130710c20139999sz qr p s 0 0eng c |
| 010 |
|
|
|a 2014243731
|
| 016 |
7 |
|
|a 101629355
|2 DNLM
|
| 022 |
|
|
|a 2076-393X
|l 2076-393X
|
| 030 |
|
|
|a VBSABP
|
| 035 |
|
|
|a (WaSeSS)ssj0000913867
|
| 040 |
|
|
|a CNCGM
|b eng
|c CNCGM
|d CUS
|d DKDLA
|d OCLCQ
|d NLM
|d CUS
|d PFM
|d OCLCO
|d OCLCF
|d OCLCQ
|d OCLCO
|d OCLCA
|d VT2
|d UAB
|d OCLCQ
|d WaSeSS
|
| 042 |
|
|
|a pcc
|
| 050 |
1 |
4 |
|a RM281
|
| 060 |
1 |
0 |
|a W1
|
| 210 |
1 |
0 |
|a Vaccines (Basel)
|2 dnlm
|
| 210 |
0 |
|
|a Vaccines
|b (Basel)
|
| 222 |
|
0 |
|a Vaccines
|b (Basel)
|
| 245 |
0 |
0 |
|a Vaccines
|h [electronic resource].
|
| 260 |
|
|
|a Basel, Switzerland :
|b MDPI AG
|
| 310 |
|
|
|a Quarterly
|
| 362 |
1 |
|
|a Began with 2013, 1.
|
| 506 |
|
|
|a License restrictions may limit access.
|
| 588 |
|
|
|a Description based on: 2013, 1; title from PDF caption (publisher's Web site, viewed Dec. 2, 2014).
|
| 588 |
|
|
|a Latest issue consulted: 2014, 2 (viewed Dec. 2, 2014).
|
| 650 |
|
0 |
|a Vaccines
|v Periodicals.
|
| 650 |
|
7 |
|a Vaccines.
|2 fast
|0 (OCoLC)fst01163573
|
| 650 |
1 |
2 |
|a Vaccines.
|
| 655 |
|
0 |
|a Electronic journals.
|
| 710 |
2 |
|
|a Multidisciplinary Digital Publishing Institute.
|
| 856 |
4 |
0 |
|z Full text available from Research Library: 03/01/2013 to 12/31/2018
|u https://search.proquest.com/publication/2032320
|
| 856 |
4 |
0 |
|z Full text available from Research Library: 01/01/2020 to present
|u https://search.proquest.com/publication/2032320
|